| 000 | 01295cam a2200277 4500 | ||
|---|---|---|---|
| 001 | ABS68341 | ||
| 008 | 041028n2004 000 0 eng u | ||
| 035 | _a(Sirsi) u127873 | ||
| 100 | _aBoileau, S. | ||
| 245 | _aCrying over spilt milk | ||
| 260 | _c2004 | ||
| 490 |
_aWastes Management _vOctober 2004, 52(1) |
||
| 520 | _aDescribes how companies and individuals can be held liable for water pollution caused by the actions of others. Under the Water Resources Act 1991 s85 and the Groundwater Regulations 1998, companies and individuals can be fined for accidental spillages from vehicles and on-site accidents that pollute streams, rivers and other controlled waters and for leachate from landfill sites. This is illustrated by the case "Express Ltd v Environment Agency ([2004] EWHC 1710 (Admin)) where liability was imposed on a third party that was not directly responsible for the pollution. | ||
| 590 | _aABS | ||
| 590 | _aABS | ||
| 650 | _aWATER POLLUTION | ||
| 650 | _aLIABILITY | ||
| 650 | _aCORPORATE LIABILITY | ||
| 650 | _aCONTROLLED WATERS | ||
| 650 | _aWATER RESOURCES ACT 1991 S85 | ||
| 650 | _aGROUNDWATER REGULATIONS | ||
| 650 | _aEXPRESS LIMITED V ENVIRONMENT AGENCY | ||
| 690 | _aENVIRONMENT-ENVIRONMENTAL LAW | ||
| 700 | _aO'Keefe, J. | ||
| 942 | _n0 | ||
| 999 |
_c118253 _d118253 |
||